| 000 | 00866nam a22001937a 4500 | ||
|---|---|---|---|
| 003 | BD-DhUL | ||
| 005 | 20160920154805.0 | ||
| 008 | 160920s2012 bg a|||| |||| 000 0 ben d | ||
| 020 | _a9789848946039 | ||
| 040 |
_aBD-DhUL _cBD-DhUL |
||
| 082 |
_a954.925 _bHAB |
||
| 100 | 1 | _aহক, মোহাম্মদ রেজওয়ানউল | |
| 245 | 1 | 0 |
_aবিবর্তিত বাগেরহাট : _bএকটি ঐতিহাসিক সমীক্ষা / _cমোহাম্মদ রেজওয়ানউল হক |
| 260 |
_aঢাকা : _bগতিধারা, _c২০১২. |
||
| 300 |
_a৪৫৬ পৃ. : _b চিত্র (কিছু রঙিন), মানচিত্র (রঙিন) ; _c২২ সেমি |
||
| 650 | 0 | _aবাগেরহাট - ইতিহাস | |
| 650 | 0 | _aBagerhat - History | |
| 942 |
_2ddc _cBK |
||
| 999 |
_c105151 _d105151 |
||